|
|
|
|
| LEADER |
02995nam a2200649 i 4500 |
| 001 |
000112990 |
| 003 |
CZ BrMZK |
| 005 |
20260304063233.0 |
| 007 |
ta |
| 008 |
950101s1990 au ach e c 000 0bger |
| 020 |
|
|
|a 3-01-000006-5
|q (brožováno)
|
| 040 |
|
|
|a BOA001
|b cze
|e rda
|
| 041 |
1 |
|
|a ger
|a cze
|h ger
|
| 045 |
|
|
|a w9x4
|
| 072 |
|
7 |
|a 821.112.2.09
|x Německá literatura, německy psaná (o ní)
|2 Konspekt
|9 11
|
| 072 |
|
7 |
|a 929
|x Biografie
|2 Konspekt
|9 8
|
| 080 |
|
|
|a 821.112.2(437.3)-051
|2 MRF
|
| 080 |
|
|
|a 821(=411.16)-051
|2 MRF
|
| 080 |
|
|
|a 821.112.2(437.3)
|2 MRF
|
| 080 |
|
|
|a 821(=411.16)
|2 MRF
|
| 080 |
|
|
|a 929
|2 MRF
|
| 080 |
|
|
|a (083.824)
|2 MRF
|
| 245 |
0 |
0 |
|a Franz Werfel, 1890-1945 :
|b Ausstellung der Österreichischen Nationalbibliothek = výstava Rakouské národní knihovny /
|c Gestaltung der Ausstellung und Katalog: Marianne Jobst-Rieder ; Übersetzungen: Ingeborg Churaňová, Michal Lion
|
| 264 |
|
1 |
|a Wien :
|b [Österreichischen Nationalbibliothek],
|c 1990
|
| 300 |
|
|
|a 117 stran :
|b ilustrace, portréty, faksimile ;
|c 22 cm
|
| 336 |
|
|
|a text
|b txt
|2 rdacontent
|
| 336 |
|
|
|a statický obraz
|b sti
|2 rdacontent
|
| 337 |
|
|
|a bez média
|b n
|2 rdamedia
|
| 338 |
|
|
|a svazek
|b nc
|2 rdacarrier
|
| 490 |
1 |
|
|a Biblos-Schriften ;
|v Band 152
|
| 500 |
|
|
|a Katalog ke stejnojmenné výstavě konané v Národní knihovně v Praze 15.9.-6.10. 1990, Creditanstalt-Bankverein Wien 14.1.-1.2. 1991, Creditanstalt-Bankverein Linz 27.2.-13.3.1991
|
| 500 |
|
|
|a Životopisná data, přehled výstav a zastoupení ve sbírkách
|
| 504 |
|
|
|a Obsahuje bibliografii a bibliografické odkazy
|
| 546 |
|
|
|a Částečně souběžný český text
|
| 600 |
1 |
7 |
|a Werfel, Franz,
|d 1890-1945
|7 jk01151599
|
| 648 |
|
7 |
|a 1890-1945
|7 ch460675
|
| 648 |
|
7 |
|a 19.-20. století
|7 ch757015
|
| 648 |
|
7 |
|a 20. století
|7 ch460558
|
| 650 |
0 |
7 |
|a pražští němečtí spisovatelé
|7 ph124582
|y 19.-20. století
|2 czenas
|
| 650 |
0 |
7 |
|a židovští spisovatelé
|7 ph128012
|y 19.-20. století
|2 czenas
|
| 650 |
0 |
7 |
|a pražská německá literatura
|7 ph138765
|y 20. století
|2 czenas
|
| 650 |
0 |
7 |
|a židovská literatura
|7 ph127990
|y 20. století
|2 czenas
|
| 650 |
0 |
9 |
|a Prague German authors
|y 19th-20th centuries
|2 eczenas
|
| 650 |
0 |
9 |
|a Jewish authors
|y 19th-20th centuries
|2 eczenas
|
| 650 |
0 |
9 |
|a Prague German literature
|y 20th century
|2 eczenas
|
| 650 |
0 |
9 |
|a Jewish literature
|y 20th century
|2 eczenas
|
| 655 |
|
7 |
|a katalogy výstav
|7 fd132536
|2 czenas
|
| 655 |
|
9 |
|a exhibition catalogs
|2 eczenas
|
| 700 |
1 |
|
|a Jobst-Rieder, Marianne
|7 mzk2004250892
|4 edt
|
| 700 |
1 |
|
|a Churaňová, Ingeborg,
|d 1931-
|7 jo20000074353
|4 trl
|
| 700 |
1 |
|
|a Lion, Michal,
|d 1951-
|7 jn20010602989
|4 trl
|
| 710 |
2 |
|
|a Creditanstalt-Bankverein (Rakousko)
|7 kn20060907003
|4 orm
|
| 830 |
|
0 |
|a Biblos-Schriften (Österreichische Nationalbibliothek)
|
| 910 |
|
|
|a BOA001
|b 2-0965.029
|b KPB-0001.778
|
| 990 |
|
|
|a BK
|
| 991 |
|
|
|b 202603
|
| 996 |
6 |
|
|b 2619965070
|c 2-0965.029
|l MZK
|r Sklad / do 1 hodiny
|n 10
|w 000112990
|u 000010
|a 1
|e BOA001
|j MZK50
|s P
|